Українська Греко-Католицька Церква в контексті державно-церковних і міжконфесійних відносин в Україні (1985–1991) (Запис № 464165)

МАРК-запис
000 -Лідер
fixed length control field 03561nam a22002657a 4500
001 - Контрольний номер
control field 216220085
003 - Ідентифікатор контрольного номера
control field UA-OsUOA
005 - Дата та час останнього входження (трансакції)
control field 20210115145837.0
008 - Елементи даних фіксованої довжини – загальна інформація
fixed length control field 210114b un ||||| m||| 00| 0 ukr d
040 ## - Джерело каталогізації
Агенція оригінальної каталогізації UA-OsUOA
Мова каталогізації ukr
Агенція, яка здійснювала перезапис UA-OsUOA
Агенція, яка здійснювала модифікацію UA-OsUOA
041 ## - Код мови
Код мови тексту/ звукової доріжки чи окремого заголовка (П) ukr
080 ## - Індекс Універсальної десяткової класифікації
Індекс Універсальної десяткової класифікації (УДК) (НП) 271.4(477):2-67"1985/1991"
090 ## - Локальний шифр розміщення
Класифікаційний індекс УДК 271.4(477):2-67"1985/1991"
095 ## - Код спеціальності для авторефератів
Код спеціальності 09.00.11
Назва спеціальності релігієзнавство (історичні науки)
100 ## - Основне введення – ім’я особи
Ім’я особи (НП) Бублик T. T.
245 ## - Відомості про назву
Назва (НП) Українська Греко-Католицька Церква в контексті державно-церковних і міжконфесійних відносин в Україні (1985–1991)
Дані про відповідальність (НП) Бублик Тарас Теодорович ; наук. керівник Турій Олег Юрійович
260 ## - Публікація, розповсюдження і т.п. (Вихідні дані)
Місце публікації, розповсюдження і т.п. (П) Острог
Дата публікації, розповсюдження і т.п. (П) 2014
300 ## - Фізичний опис
Обсяг 20 с.
502 ## - Примітка про дисертацію
Зв'язок Автореферат дисертації на здобуття наукового ступеня кандидата історичних наук<br/>
Наймення інституції, що представляється Національний університет "Острозька академія"
Рік отримання вченого ступеня 2014
520 ## - Резюме і т.п.
Резюме, реферат, анотація, тощо (НП) У дисертації проведено дослідження діяльності УГКЦ на тлі суспільно-політичних перетворень у СРСР в 1985–1991 рр. Увагу зосереджено на відносинах греко-католиків з радянською владою та іншими Церквами (РПЦ, УАПЦ та РКЦ). <br/>У дослідженні доведено, що зміни в релігійній політиці, хоча не стосувалися існуючих в підпіллі “уніатів”, зумовили активізацію руху за легалізацію УГКЦ та створення його організованих форм (Комітет захисту УКЦ). Характерною ознакою легалізації УГКЦ була тісна взаємодія з національно-політичними рухами, опозиційними до радянської влади. В ході дослідження виявлено зв’язок між виходом греко-католиків з підпілля та ростом міжконфесійного протистояння. Історичні передумови конфлікту з РПЦ посилилися суперечками за храми. Відновлена УАПЦ, хоч і оперувала подібними національно-державницькими ідеями, згодом стала ще одним опонентом греко-католиків у боротьбі за користування культовими спорудами. У дослідженні доведено, що спроби церковних діячів та влади західних областей України на різних рівнях (міжцерковному та законодавчому) вирішити конфлікт між Церквами закінчилися невдачею, оскільки всі суб’єкти протистояння не бажали йти на компроміс.
650 ## - Додаткове предметне введення – тематичний термін
Джерело заголовка чи терміна UDC
Тематичний термін чи географічна назва, як елемент введення (НП) 2 Релігія. Теологія (Богослов'я)
942 ## - Додаткові елементи входу (Коха)
Source of classification or shelving scheme Universal Decimal Classification
Тип елемента Koha Автореферат
955 ## - Код типу видання за змістом
Код типу видання за змістом (НП) Наукові видання

Немає доступних примірників.